| Tag |
First Indicator |
Second Indicator |
Subfields |
| LEADER |
00000cam a2200000 a 4500 |
| 001 |
in00000976921 |
| 005 |
20150927113139.0 |
| 008 |
891129s1987 dcua b 00010 eng |
| 010 |
|
|
|a 89211599
|
| 035 |
|
|
|a (OCoLC)21877137
|
| 035 |
|
|
|9 AEW5924AM
|
| 040 |
|
|
|a DLC
|c DLC
|d UtOrBLW
|
| 049 |
|
|
|a TXAM
|
| 050 |
0 |
0 |
|a TE279.3
|b .I84 1987
|
| 082 |
0 |
0 |
|a 625.8/89
|2 20
|
| 110 |
2 |
|
|a ITE Technical Committee 5B-13.
|
| 245 |
1 |
0 |
|a Guidelines for driveway location & design :
|b a recommended practice /
|c by ITE Technical Committee 5B-13.
|
| 264 |
|
1 |
|a Washington, D.C., USA :
|b Institute of Transportation Engineers,
|c [1987]
|
| 264 |
|
4 |
|c ©1987
|
| 300 |
|
|
|a iv, 23 pages :
|b illustrations ;
|c 28 cm.
|
| 336 |
|
|
|a text
|b txt
|2 rdacontent
|
| 337 |
|
|
|a unmediated
|b n
|2 rdamedia
|
| 338 |
|
|
|a volume
|b nc
|2 rdacarrier
|
| 490 |
1 |
|
|a ITE publication ;
|v no. RP-006B
|
| 500 |
|
|
|a "1M/SP-HL/900"--Title page verso.
|
| 504 |
|
|
|a Includes bibliographical references (pages 22-23).
|
| 650 |
|
0 |
|a Driveways
|x Design and construction.
|
| 740 |
0 |
|
|a Guidelines for driveway location and design.
|
| 830 |
|
0 |
|a ITE publication ;
|v no. RP-006B.
|
| 999 |
|
|
|a MARS
|
| 999 |
f |
f |
|s a30f1f52-3885-37d9-aab2-d16b9e6538dc
|i 03dd2dca-a6e0-325e-8705-b79a1d288468
|t 0
|
| 952 |
f |
f |
|p ric
|a Texas A&M University
|b Rellis Campus
|c Joint Library Facility
|d Remote Storage
|t 0
|e TE279.3 .I84 1987
|h Library of Congress classification
|i unmediated -- volume
|m A14815144777
|
| 998 |
f |
f |
|a TE279.3 .I84 1987
|t 0
|l Remote Storage
|